ბათუმის შოთა რუსთაველის სახელმწიფო უნივერსიტეტის ბიბლიოთეკა

Греческая трагедия: (ბიბ.ჩანაწერი № 61062)

000 -LEADER
fixed length control field 00867nam a22001937a 4500
005 - DATE AND TIME OF LATEST TRANSACTION
control field 20231213110837.0
008 - FIXED-LENGTH DATA ELEMENTS--GENERAL INFORMATION
fixed length control field 231213s1958 ru ||||| |||| 00| 0 rus d
041 ## - LANGUAGE CODE
Language code of text/sound track or separate title rus
080 ## - UNIVERSAL DECIMAL CLASSIFICATION NUMBER
Universal Decimal Classification number 821.14'02 Г-81
245 ## - TITLE STATEMENT
Title Греческая трагедия:
Remainder of title Учеб. пособие для пед. ин-тов /
Statement of responsibility, etc. А.Ф. Лосев, Г.А. Сонкина, Н.А. Тимофеева, Н.М. Черемухина.
264 ## - PRODUCTION, PUBLICATION, DISTRIBUTION, MANUFACTURE, AND COPYRIGHT NOTICE
Place of production, publication, distribution, manufacture Москва:
Name of producer, publisher, distributor, manufacturer Учпедгиз,
Date of production, publication, distribution, manufacture, or copyright notice 1958.
300 ## - PHYSICAL DESCRIPTION
Extent 203 с.
Other physical details ил.;
Dimensions 23 см.
653 ## - INDEX TERM--UNCONTROLLED
keyword ბერძნული ტრაგედია
700 ## - ADDED ENTRY--PERSONAL NAME
Personal name Лосев, А.Ф.
Relator term ავტორი
9 (RLIN) 20142
700 ## - ADDED ENTRY--PERSONAL NAME
Personal name Сонкина, Г.А.
Relator term ავტორი
9 (RLIN) 20686
700 ## - ADDED ENTRY--PERSONAL NAME
Personal name Тимофеева, Н.А.
Relator term ავორი
9 (RLIN) 20196
700 ## - ADDED ENTRY--PERSONAL NAME
Personal name Черемухина, Н.М.
Relator term ავტორი
9 (RLIN) 20687
942 ## - ADDED ENTRY ELEMENTS (KOHA)
Source of classification or shelving scheme
Koha item type წიგნი
ეგზემპლარები
Withdrawn status Lost status Source of classification or shelving scheme Damaged status Not for loan Permanent Location Current Location Shelving location Date acquired Cost, normal purchase price Full call number Barcode Date last seen Copy number Uniform Resource Identifier Price effective from Koha item type Public note
          ბათუმის შოთა რუსთაველის სახელმწიფო უნივერსიტეტის მთავარი ბიბლიოთეკა ბათუმის შოთა რუსთაველის სახელმწიფო უნივერსიტეტის მთავარი ბიბლიოთეკა წიგნსაცავი 2023-12-13 9.00 821.14'02 Г-81 65589 2023-12-13 65589 ბსუ-ს საპატიო დოქტორის გურამ ლორთქიფანიძის საჩუქარი 2023-12-13 წიგნი 9 ლ.